000 00739nam a2200289Ia 4500
005 20260324112429.0
008 008 260324s9999 xx 000 0 eng d
020 _a9781003414490
037 _aEBOOK
040 _aCRL
040 _beng
040 _cCRL
041 _2eng
041 _aeng
084 _qCRL
100 _aElaine Cook; Gilbert J. Greene; Joanne Maxwell
_91142667
245 0 _aCoaching for Person-Centred Healthcare
245 2 _bA Solution-Focused Approach to Collaborative Care
260 _bTaylor and Francis
260 _c2024
365 _a
365 _b220
856 _uhttp://www.taylorfrancis.com/books/9781003414490
942 _cEBOOK
999 _c1731869
_d1731869